书目信息 |
| 题名: |
失落的文明
|
|
| 作者: | ;经典读库编委会 编著 | |
| 分册: | ||
| 出版信息: | 南京 江苏凤凰美术出版社 2015 |
|
| 页数: | 274页 | |
| 开本: | 24cm | |
| 丛书名: | ||
| 单 册: | ||
| 中图分类: | K11-49 | |
| 科图分类: | ||
| 主题词: | 远古文化--世界--通俗读物 | |
| 电子资源: | ||
| ISBN: | 978-7-5344-8005-8 | |
| 000 | 01098nam0 2200253 450 | |
| 001 | 012001002549 | |
| 005 | 20140926114739.0 | |
| 010 | @a978-7-5344-8005-8@dCNY29.80 | |
| 100 | @a20150310d2015 em y0chiy50 ea | |
| 101 | 0 | @achi |
| 102 | @aCN@b320000 | |
| 105 | @aa z 000yy | |
| 106 | @ar | |
| 200 | 1 | @a失落的文明@9shi luo de wen ming@e远古文明发现之旅@f《经典读库》编委会编著 |
| 210 | @a南京@c江苏凤凰美术出版社@d2015 | |
| 215 | @a274页@c图@d24cm | |
| 300 | @a经典读库 | |
| 330 | @a本书以考古发掘为切入点,以大量的研究文献为基础,从广阔的人文视角出发,对两河文明、古埃及文明、古印度文明、古希腊文明、古罗马文明、玛雅文明、印加文明的存亡兴衰进行了全面介绍,讲述了这些古老文明的发现过程,勾勒了古文明的前世今生,再现了古人的生活场景,解读了古文明的伟大成就及难解谜题,将掩埋在丛林中、黄沙下、山脉里的昔日辉煌重现于世。 | |
| 517 | 1 | @a远古文明发现之旅@9yuan gu wen ming fa xian zhi lv |
| 606 | 0 | @a远古文化@y世界@j通俗读物 |
| 690 | @aK11-49@v5 | |
| 711 | 02 | @a经典读库编委会@9jing dian du ku bian wei hui@4编著 |
| 801 | 0 | @aCN@b上海新华@c20180901 |
| 905 | @b1153233-7@dK11-49@e278@f5 | |
| 失落的文明:远古文明发现之旅/《经典读库》编委会编著.-南京:江苏凤凰美术出版社,2015 |
| 274页:图;24cm |
| 经典读库 |
| ISBN 978-7-5344-8005-8:CNY29.80 |
| 本书以考古发掘为切入点,以大量的研究文献为基础,从广阔的人文视角出发,对两河文明、古埃及文明、古印度文明、古希腊文明、古罗马文明、玛雅文明、印加文明的存亡兴衰进行了全面介绍,讲述了这些古老文明的发现过程,勾勒了古文明的前世今生,再现了古人的生活场景,解读了古文明的伟大成就及难解谜题,将掩埋在丛林中、黄沙下、山脉里的昔日辉煌重现于世。 |
| ● |
| 相关链接 |
|
|
|
|
正题名:失落的文明
索取号:K11-49/278
 
预约/预借
| 序号 | 登录号 | 条形码 | 馆藏地/架位号 | 状态 | 备注 |
| 1 | 1153233 | 211532331 | 第二样本阅览室/ [索取号:K11-49/278] | 在馆 | |
| 2 | 1153234 | 211532340 | 第二借阅区/ [索取号:K11-49/278] | 在馆 | |
| 3 | 1153235 | 211532359 | 第二借阅区/ [索取号:K11-49/278] | 在馆 | |
| 4 | 1153236 | 211532368 | 第二借阅区/ [索取号:K11-49/278] | 在馆 | |
| 5 | 1153237 | 211532377 | 密集书库-史法系/ [索取号:K11-49/278] | 在馆 |